00563nam a2200181Ia 450000500170000000800410001702000150005808200130007310000200008624500600010626000420016630000180020865000220022665000130024894200060026195200990026799900150036620240925071724.0240331s9999 xx 000 0 und d a9558231002 bPILa782 aPilendran, G.V. 0aTamil catholic literary tradition of Sri Lanka :bVol.1 aJaffnabCatholic Students unionc1998 axix, 185 p ., aHistoric-critical aliterary cL 001040708LaWERCLbWERCLcSSCd2024-03-31l0o 782.294 PILp4117r2024-03-31w2024-03-31yL c3083d3083